130. výročie narodenia Božieho sluhu biskupa Jána Vojtaššáka

Bibliographic Details
Main Author: Duda, Ján, 1960- (Author)
Format: Article
Language:Slovak
ISSN:1337-6535
Subjects:

MARC

LEADER 00000nab a2200000 a 4500
001 vtls009291770
003 SK-MaSNL
005 20260304151232.0
008 250506c2007 xo qr|p|||||||000 b|slo
015 |a SNBRB2008/04  |2 snkbucl 
035 |a (sysno)vtls009291770 
035 |a urn:nbn:sk:snk-ab72gq 
035 |a (uuid)a14a46d6-30ba-4240-be40-4bd41282bc82 
035 |a (urnnbn)urn:nbn:sk:snk:ar-a06pxt 
038 |a SNKBUCL 
040 |a SNKBUCL  |b slo  |c SNKBUCL  |e AACR2 
041 0 |a slo 
044 |a xo  |c SK 
080 |a 27-726.2  |2 2001 
080 |a 272  |2 2001 
080 |a 929 Vojtaššák, Ján  |2 2001 
100 1 |a Duda, Ján,  |d 1960-  |4 aut  |9 215450 
245 1 0 |a 130. výročie narodenia Božieho sluhu biskupa Jána Vojtaššáka  |c Ján Duda 
246 3 0 |a Stotridsiate výročie narodenia Božieho sluhu biskupa Jána Vojtaššáka 
600 1 7 |a Vojtaššák, Ján,  |d 1877-1965  |2 snkbucl  |9 38540 
773 0 |t Nové horizonty  |g Roč. I., č. 1 (2007), s. 48  |x 1337-6535 
850 |a Slovenská národná knižnica 
852 |a Slovenská národná knižnica 
954 |a odborná, vedecká literatúra pôvodná (slovenská)  |2 lita 
958 |a article2022 
958 |a SK 
958 |a NT 
958 |a BX 
958 |a OND 
958 |a EUIPO 
999 |c 2942321  |d 2944251